Concurso Avícola de Puesta
Descripción Física:
10 volums ; 22 cm
Materias:
Ous -- Producció -- Concursos
Idioma:
Español
MARC
| LEADER | 00000nam a2200000Ia 4500 | ||
|---|---|---|---|
| 001 | 8675, 8676, 9347, 8204, 9615, 8677, 8849, 9348, 9349, 9350 | ||
| 003 | Arxiu | ||
| 005 | 20260410113656.0 | ||
| 008 | 160829m19411958spck xxs spa c | ||
| 040 | |a AGDB | ||
| 041 | |a spa | ||
| 080 | |a FU-8-9, FU-8-10, FU-8-11, FU-8-12, FU-8-13, FU-8-14, FU-8-15, C-2-153, C-2-154, C-2-155 | ||
| 100 | |a Concurso Avícola de Puesta |9 30412 | ||
| 245 | 1 | 0 | |a Concurso Avícola de Puesta |
| 260 | |a Barcelona : |b Diputación Provincial de Barcelona. Servicios Técnicos de Agricultura, |c 1941-1958 | ||
| 300 | |a 10 volums ; |c 22 cm | ||
| 650 | |a Ous |x Producció |x Concursos |9 23976 | ||
| 710 | 1 | |a Barcelona (Catalunya : Província). |b Servicios Técnicos de Agricultura |9 54614 |e entitat editora | |
| 856 | 4 | |u https://media.diba.cat/diba/fitxers/arxiu/fulletons/bib_9615_1943_1944_baixa.pdf |y Anys 1943-1944 | |
| 856 | 4 | |u https://media.diba.cat/diba/fitxers/arxiu/fulletons/bib_9347_1941_1942_baixa.pdf |y Anys 1941-1942 | |
| 856 | 4 | |u https://media.diba.cat/diba/fitxers/arxiu/fulletons/bib_8849_1945_1946_baixa.pdf |y Anys 1945-1946 | |
| 856 | 4 | |u https://media.diba.cat/diba/fitxers/arxiu/fulletons/bib_8677_1944_1945_baixa.pdf |y Anys 1944-1945 | |
| 856 | 4 | |u https://media.diba.cat/diba/fitxers/arxiu/fulletons/bib_8676_1940_1941_baixa.pdf |y Anys 1940-1941 | |
| 856 | 4 | |u https://media.diba.cat/diba/fitxers/arxiu/fulletons/bib_8675_1939_1940_baixa.pdf |y Anys 1939-1940 | |
| 856 | 4 | |u https://media.diba.cat/diba/fitxers/arxiu/fulletons/bib_8204_1942_1943_baixa.pdf |y Anys 1942-1943 | |
| 856 | 4 | |u https://media.diba.cat/diba/fitxers/arxiu/fulletons/bib_9615_1943_1944_baixa.pdf |y Anys 1943-1944 | |
| 856 | 4 | |u https://media.diba.cat/diba/fitxers/arxiu/fulletons/bib_9347_1941_1942_baixa.pdf |y Anys 1941-1942 | |
| 856 | 4 | |u https://media.diba.cat/diba/fitxers/arxiu/fulletons/bib_8849_1945_1946_baixa.pdf |y Anys 1945-1946 | |
| 856 | 4 | |u https://media.diba.cat/diba/fitxers/arxiu/fulletons/bib_8677_1944_1945_baixa.pdf |y Anys 1944-1945 | |
| 856 | 4 | |u https://media.diba.cat/diba/fitxers/arxiu/fulletons/bib_8676_1940_1941_baixa.pdf |y Anys 1940-1941 | |
| 856 | 4 | |u https://media.diba.cat/diba/fitxers/arxiu/fulletons/bib_8675_1939_1940_baixa.pdf |y Anys 1939-1940 | |
| 856 | 4 | |u https://media.diba.cat/diba/fitxers/arxiu/fulletons/bib_8204_1942_1943_baixa.pdf |y Anys 1942-1943 | |
| 866 | |a 1939-1940, 1940-1941, 1941, 1942-1943, 1943-1944, 1944-1945, 1945-1946, (1946-1947 y 1947-1948), (1948-1949, 1949-1950, 1950-1951, 1951-1952), (1952-1953, 1953-1954, 1954-1955, 1955-1956, 1956-1957) | ||
| 900 | |a bib_8204_1942_1943_baixa.pdf | ||
| 900 | |a bib_8676_1940_1941_baixa.pdf | ||
| 900 | |a bib_8677_1944_1945_baixa.pdf | ||
| 900 | |a bib_8675_1939_1940_baixa.pdf | ||
| 900 | |a bib_8849_1945_1946_baixa.pdf | ||
| 900 | |a bib_9347_1941_1942_baixa.pdf | ||
| 900 | |a bib_9615_1943_1944_baixa.pdf | ||
| 901 | |a Arxiu | ||
| 942 | |n 1 |2 udc |c ARXIU | ||
| 952 | |0 0 |1 0 |4 0 |6 C2153_C2154_C2155 |7 1 |9 45409 |a Arxiu |b Arxiu |d 2016-12-01 |o C-2-153, C-2-154, C-2-155 |r 2016-12-01 00:00:00 |w 2016-12-01 |y ARXIU | ||
| 952 | |0 0 |1 0 |4 0 |6 FU89 |7 1 |9 65775 |a Arxiu |b Arxiu |d 2023-03-23 |h 1939-40 |l 0 |o FU-8-9 |p 8675 |r 2023-03-23 00:00:00 |w 2023-03-23 |y ARXIU | ||
| 952 | |0 0 |1 0 |4 0 |6 FU810 |7 1 |9 65776 |a Arxiu |b Arxiu |d 2023-03-23 |h 1940-41 |l 0 |o FU-8-10 |p 8676 |r 2023-03-23 00:00:00 |w 2023-03-23 |y ARXIU | ||
| 952 | |0 0 |1 0 |4 0 |6 FU811 |7 1 |9 65777 |a Arxiu |b Arxiu |d 2023-03-23 |h 1941-42 |l 0 |o FU-8-11 |p 9347 |r 2023-03-23 00:00:00 |w 2023-03-23 |y ARXIU | ||
| 952 | |0 0 |1 0 |4 0 |6 FU812 |7 1 |9 65778 |a Arxiu |b Arxiu |d 2023-03-23 |h 1942-43 |l 0 |o FU-8-12 |p 8204 |r 2023-03-23 00:00:00 |w 2023-03-23 |y ARXIU | ||
| 952 | |0 0 |1 0 |4 0 |6 FU813 |7 1 |9 65779 |a Arxiu |b Arxiu |d 2023-03-23 |h 1943-44 |l 0 |o FU-8-13 |p 9615 |r 2023-03-23 00:00:00 |w 2023-03-23 |y ARXIU | ||
| 952 | |0 0 |1 0 |4 0 |6 FU814 |7 1 |9 65780 |a Arxiu |b Arxiu |d 2023-03-23 |h 1944-45 |l 0 |o FU-8-14 |p 8677 |r 2023-03-23 00:00:00 |w 2023-03-23 |y ARXIU | ||
| 952 | |0 0 |1 0 |4 0 |6 FU815 |7 1 |9 65781 |a Arxiu |b Arxiu |d 2023-03-23 |h 1945-46 |l 0 |o FU-8-15 |p 8849 |r 2023-03-23 00:00:00 |w 2023-03-23 |y ARXIU | ||
| 999 | |c 48516 |d 48516 | ||